|
|
|
|
| LEADER |
01047nam a2200313 a 4500 |
| 001 |
000351951 |
| 003 |
CZ BrMZK |
| 005 |
20130308073457.0 |
| 007 |
ta |
| 008 |
980115s1998 xr g f cze d |
| 015 |
|
|
|a cnb000365002
|
| 020 |
|
|
|a 80-86029-47-6
|
| 035 |
|
|
|a (OCoLC)42028966
|
| 040 |
|
|
|a BOA001
|b cze
|
| 072 |
|
7 |
|a 821.111-3
|x Anglická próza, anglicky psaná
|2 Konspekt
|9 25
|
| 080 |
|
|
|a 821.111-31
|2 MRF
|
| 080 |
|
|
|a (0:82-31)
|2 MRF
|
| 100 |
1 |
|
|a Pilcher, Rosamunde,
|d 1924-2019
|7 jn20001031018
|4 aut
|
| 245 |
1 |
0 |
|a Spící tygr /
|c Rosamunde Pilcherová ; [z angličtiny přeložila Daria Dvořáková]
|
| 250 |
|
|
|a Vyd. 1.
|
| 260 |
|
|
|a Praha :
|b Beta-Dobrovský & Ševčík,
|c 1998
|
| 300 |
|
|
|a 199 s. ;
|c 21 cm
|
| 655 |
|
7 |
|a anglické romány
|7 fd131814
|2 czenas
|
| 700 |
1 |
|
|a Dvořáková, Daria,
|d 1951-
|7 jn20001227573
|4 trl
|
| 765 |
0 |
|
|t Sleeping tiger
|
| 910 |
|
|
|a BOA001
|b 2-1050.250
|
| 990 |
|
|
|a BK
|
| 991 |
|
|
|f B-PIL
|
| 996 |
6 |
|
|b 2610078968
|c 2-1050.250
|l MZK
|r Sklad / do 1 hodiny
|n 46
|p p.v.
|w 000351951
|u 000010
|a 1
|e BOA001
|j MZK50
|s P
|